000 00876nam a2200277 i 4500
001 000041304
003 DO-SdBNP
005 20250129182520.0
007 ta
008 130930s 2011 dr r 000 p spa d
020 _a9789945475012
040 _aDO-SdBNP
_bspa
_cBNPHU
_erda
082 4 _aRD861.44
_bCh433n
_222
100 1 _aChahín, Plinio,
_d1959-
_eautor
_924881
245 1 0 _aNarración de un cuerpo :
_bpoesía reunida /
_cPlinio Chahín.
264 _aSanto Domingo :
_bDirección General de la Feria del Libro,
_c2011.
300 _a333 páginas ;
_c23 cm.
336 _2rdacontent
_atexto
_btxt
337 _2rdamedia
_asin mediación
_bb
338 _2rdacarrier
_avolumen
_bnc
590 _aInventariado, 2018/BT
650 4 _aPoesía dominicana
_966
650 0 _aLiteratura dominicana.
_967
910 _aValidado. Control de calidad. MFF
942 _2ddc
_cLBS1
999 _c40794
_d40794